Tiere mit "S" aufzählen - Statistiken

Allgemein
  • Dieses Quiz wurde 419 mal gespielt
  • Das Durchschnittsergebnis liegt bei 29 aus 92
Antwortstatistiken
Tier mit S % Korrekt
Schlange
88%
Schwein
81%
Stör
75%
Spinne
72%
Schaf
71%
Sau
70%
Seepferdchen
68%
Seehund
66%
Salamander
64%
Schnecke
60%
Seestern
59%
Seekuh
55%
Storch
55%
Schwalbe
54%
Seeadler
53%
Spatz
53%
Schildkröte
51%
Schimpanse
51%
Schwan
51%
Stier
51%
Seeigel
50%
Schmetterling
47%
Specht
45%
Seegurke
44%
Schneeleopard
43%
Seeanemone
43%
Sperling
43%
Seeelefant
41%
Schäferhund
40%
Scholle
39%
Star
39%
Schneehase
38%
Schwarzbär
38%
Skorpion
38%
Schleiereule
37%
Schwertfisch
36%
Seeotter
35%
Silberfisch
35%
Sardine
34%
Siebenschläfer
34%
Säbelzahntiger
31%
Sardelle
30%
Schabe
30%
Schnabeltier
29%
Schnake
28%
Sperber
28%
Schuhschnabel
27%
Schweinswal
27%
Saibling
26%
Schakal
26%
Stachelschwein
26%
Schimmel (Pferd)
25%
Schwertwal
25%
Seemöwe
24%
Steinbock
24%
Stinktier
23%
Stute
23%
Skarabäus
22%
Strauß
21%
Seelachs
20%
Stechmücke
20%
Steinadler
20%
Schneehuhn
19%
Sittich
19%
Sekretär
18%
Streifenhörnchen
18%
Schmerle
15%
Schnepfe
15%
Schwalbenschwanz
15%
Sibirischer Tiger
15%
Stabheuschrecke
15%
Stockente
15%
Seezunge
14%
Seidenraupe
14%
Siamkatze
14%
Spitzmaus
14%
Seeteufel
13%
Spottdrossel
12%
Schleiche
11%
Skunk
11%
Stachelrochen
11%
Stieglitz
11%
Stubenfliege
11%
Seidenspinner
7%
Schneegans
6%
Shrimp
5%
Steinkauz
4%
Schnapper
3%
Sikahirsch
3%
Sepia
2%
Spulwurm
2%
Stelze
2%
Keine übereinstimmenden Quizze gefunden
Verteilung der Resultate
Anzahl Personen mit jedem Resultat
Perzentil nach korrekt beantworteten Fragen
Ihre Resultats-Entwicklung
Sie haben dieses Quiz noch nicht gespielt